<?xml version="1.0" encoding="UTF-8"?><?xml-stylesheet type="text/xsl" href="static/style.xsl"?><OAI-PMH xmlns="http://www.openarchives.org/OAI/2.0/" xmlns:xsi="http://www.w3.org/2001/XMLSchema-instance" xsi:schemaLocation="http://www.openarchives.org/OAI/2.0/ http://www.openarchives.org/OAI/2.0/OAI-PMH.xsd"><responseDate>2026-04-13T04:11:06Z</responseDate><request verb="GetRecord" identifier="oai:www.recercat.cat:2445/187864" metadataPrefix="marc">https://recercat.cat/oai/request</request><GetRecord><record><header><identifier>oai:recercat.cat:2445/187864</identifier><datestamp>2025-12-05T06:10:13Z</datestamp><setSpec>com_2072_1057</setSpec><setSpec>col_2072_478792</setSpec><setSpec>col_2072_478917</setSpec></header><metadata><record xmlns="http://www.loc.gov/MARC21/slim" xmlns:dcterms="http://purl.org/dc/terms/" xmlns:xsi="http://www.w3.org/2001/XMLSchema-instance" xmlns:doc="http://www.lyncode.com/xoai" xsi:schemaLocation="http://www.loc.gov/MARC21/slim http://www.loc.gov/standards/marcxml/schema/MARC21slim.xsd">
   <leader>00925njm 22002777a 4500</leader>
   <datafield ind2=" " ind1=" " tag="042">
      <subfield code="a">dc</subfield>
   </datafield>
   <datafield ind2=" " ind1=" " tag="720">
      <subfield code="a">Ruiz Fargas, Marina</subfield>
      <subfield code="e">author</subfield>
   </datafield>
   <datafield ind2=" " ind1=" " tag="260">
      <subfield code="c">2022-07-20T09:35:48Z</subfield>
   </datafield>
   <datafield ind2=" " ind1=" " tag="260">
      <subfield code="c">2022-07-20T09:35:48Z</subfield>
   </datafield>
   <datafield ind2=" " ind1=" " tag="260">
      <subfield code="c">2022-05</subfield>
   </datafield>
   <datafield ind2=" " ind1=" " tag="520">
      <subfield code="a">[spa] Ante los retos a los que se enfrentan los bibliotecarios de colecciones patrimoniales universitarias, y dentro de un contexto de formación continua, conocer la realidad de fondos análogos en otros países de Europa, a través del programa Erasmus+, representa una valiosa oportunidad. Durante los años 2018 y 2019 el CRAI Biblioteca de Fondo Antiguo de la Universidad de Barcelona acogió a 13 profesionales de 8 países distintos, con un balance altamente positivo, fruto, en buena parte, de un modelo de acogida donde se da voz al participante y se favorece un espacio de diálogo enriquecedor para ambas partes.</subfield>
   </datafield>
   <datafield ind2=" " ind1=" " tag="520">
      <subfield code="a">[eng] Faced with the challenges university rare book librarians have to deal with, and within a context of informal education, getting to know similar European collections through the Erasmus+ programme is a valuable opportunity. In 2018 and 2019 the University of Barcelona Rare Book and Manuscript CRAI Library invited 13 professionals from 8 different countries, with a very positive outcome, largely due to scheduled activities promoting visitors’ involvement and sharing of experiences, which turned out to be enriching for all parts.</subfield>
   </datafield>
   <datafield tag="653" ind2=" " ind1=" ">
      <subfield code="a">Cooperació internacional educativa</subfield>
   </datafield>
   <datafield tag="653" ind2=" " ind1=" ">
      <subfield code="a">Patrimoni bibliogràfic</subfield>
   </datafield>
   <datafield tag="653" ind2=" " ind1=" ">
      <subfield code="a">Educational exchanges</subfield>
   </datafield>
   <datafield tag="653" ind2=" " ind1=" ">
      <subfield code="a">Bibliographic heritage</subfield>
   </datafield>
   <datafield tag="653" ind2=" " ind1=" ">
      <subfield code="a">ERASMUS (Programa)</subfield>
   </datafield>
   <datafield tag="653" ind2=" " ind1=" ">
      <subfield code="a">Universitat de Barcelona. CRAI Biblioteca de Fons Antic</subfield>
   </datafield>
   <datafield ind2="0" ind1="0" tag="245">
      <subfield code="a">Internacionalizarse para compartir y aprender: experiencias Erasmus en el CRAI Biblioteca de Fons Antic de la Universitat de Barcelona</subfield>
   </datafield>
   <datafield ind2="0" ind1="0" tag="245">
      <subfield code="a">Going international in order to share and learn: Erasmus experiences at University of Barcelona Rare Book and Manuscript CRAI Library</subfield>
   </datafield>
</record></metadata></record></GetRecord></OAI-PMH>